| 000 | 01936nam a2200397 c 4500 | ||
|---|---|---|---|
| 999 |
_c113378 _d113378 |
||
| 003 | BLK | ||
| 005 | 20220407163328.0 | ||
| 008 | 180409b bul|||||r ||||||| ||bul|| | ||
| 010 | _aKNG00118779000 | ||
| 040 | _aBLK | ||
| 041 |
_aBUL _cBUL _hENG |
||
| 072 | 7 |
_2bullib _aН33 _xИкономика Н |
|
| 072 | 7 |
_2bullib _aК _xКраезнание |
|
| 080 |
_aТуризмът от стопанско гледище. Политика по отношение на туризма. Икономика и организация на туризма. Вътрешен и международен туризъм. Вж и 379.8 _b338.48 _x(035) _z338.48(035) |
||
| 139 |
_aПарашкевова, Миглена _bП 22 |
||
| 245 | 1 | 0 |
_aСъвети за добрия програмен директор във вътрешния туризъм _bРъководство _cсъстав. Миглена Парашкевова. |
| 245 | 1 | 0 |
_aHints for Successful Program Directors in Local Tourism _cMiglena Parashkevova |
| 257 | _aBGR | ||
| 260 |
_c2005 _fРусе : Русе прес |
||
| 300 |
_a33, 31 с. _c22 см |
||
| 380 | _a3 | ||
| 500 | _aИзд. на United Nations Development Programme (UNDP). - Парал. текст на англ. ез. - Втората кн. отпечатана на обратната страна на кн. и има самостоятелни загл. с. и паг. - Библиогр. с. 32, 30. | ||
| 650 | 4 |
_aТуризъм - наръчници и ръководства _9305607 |
|
| 651 | 4 |
_aБългария _9241624 |
|
| 651 | 4 |
_aРусе _9179462 |
|
| 653 | _aтуризъм | ||
| 653 | _aръководства | ||
| 659 | _aК | ||
| 659 | _aН | ||
| 700 | 1 |
_aПарашкевова, Миглена _eсъстав. _9312876 |
|
| 852 | _aЦб 255478 | ||
| 852 | _aК 338.4/П 22 М | ||
| 856 | 4 | _qpdf | |
| 856 | 4 | _qpdf | |
| 942 |
_cKNG _n0 _s1 _01 |
||
| 944 |
_aCR _c19.06.2012 _lф / _kВаля_Йорданова |
||
| 944 |
_aED _c27.05.2014 _lф / |
||
| 999 | _d113378 | ||